Les 100 zones urbaines les plus peuplées du monde - Statistiques

Statistiques générales
  • Ce quiz a été pris 215 fois
  • Le résultat moyen est 61 sur 100
Réponses sur la Carte
Les réponses sont colorées sur une échelle allant du rouge au vert en fonction du pourcentage des utilisateurs qui les ont devinées à leur premier essai. Vous pouvez retrouver ces pourcentages ci-dessous.
 
Statistiques - réponses
Population Aire urbaine % Correct
11.4 m Paris
99%
14.7 m Londres
97%
6.45 m Madrid
97%
22.4 m New York
95%
40.2 m Tokyo
95%
4.73 m Barcelone
94%
17.8 m Los Angeles
94%
22.8 m Mexico
94%
17.2 m Moscou
94%
4.75 m Berlin
92%
20.5 m Le Caire
92%
5.20 m Milan
92%
20.4 m Pékin
92%
15.8 m Istanbul
91%
29.4 m Delhi
90%
13.1 m Rio de Janeiro
90%
16.3 m Buenos Aires
88%
6.35 m Miami
87%
5.60 m Saint Petersbourg
87%
22.2 m São Paulo
87%
5.20 m Sydney
87%
4.98 m Ankara
85%
9.75 m Chicago
85%
30.6 m Jakarta
85%
7.20 m Santiago
85%
35.9 m Shanghai
84%
8.55 m Washington
84%
9.90 m Lima
83%
24.7 m Séoul
83%
4.90 m Dubai
82%
7.85 m San Francisco
82%
9.80 m Bogotá
81%
25.2 m Manille
80%
7.80 m Singapour
80%
5.70 m Alexandrie
79%
6.85 m Bagdad
79%
18.3 m Bangkok
79%
24.7 m Mumbai
79%
15.0 m Téhéran
78%
18.8 m Lagos
77%
7.75 m Riyad
77%
13.7 m Johannesburg
76%
12.0 m Kinshasa
75%
7.65 m Boston
74%
7.45 m Hong Kong
73%
7.10 m Dallas
72%
4.85 m Melbourne
71%
17.7 m Osaka
71%
6.60 m Houston
70%
16.6 m Calcutta
69%
5.95 m Nairobi
69%
19.5 m Dacca
66%
45.6 m Canton
65%
8.70 m Kuala Lumpur
65%
5.70 m Detroit
63%
7.35 m Philadelphie
63%
7.35 m Toronto
63%
6.15 m Khartoum
62%
5.45 m Abidjan
61%
5.80 m Atlanta
61%
9.10 m Taipei
60%
17.3 m Karachi
59%
7.90 m Luanda
57%
4.73 m Colombo
55%
4.95 m Accra
54%
5.45 m Amman
53%
6.15 m Dar es Salam
53%
8.60 m Ho Chi Minh Ville
53%
8.85 m Wuhan
53%
12.6 m Lahore
43%
5.25 m Guadalajara
41%
11.8 m Bangalore
40%
10.5 m Nagoya
39%
6.80 m Xi'an
37%
4.98 m Belo Horizonte
36%
11.0 m Chennai
35%
4.93 m Monterrey
32%
5.50 m Rangoun
29%
13.2 m Tianjin
29%
9.85 m Hyderabad
28%
4.78 m Djeddah
27%
9.80 m Chengdu
26%
8.05 m Chongqing
24%
6.85 m Bandung
23%
6.70 m Nankin
23%
4.83 m Chittagong
20%
6.00 m Surabaya
20%
8.25 m Ahmedabad
19%
9.90 m Xiamen
19%
6.70 m Pune
18%
5.15 m Harbin
16%
8.30 m Hangzhou
14%
5.95 m Qingdao
13%
6.35 m Surat
11%
7.90 m Shenyang
10%
4.83 m Hefei
8%
5.35 m Zhengzhou
8%
4.75 m Changsha
6%
5.25 m Wenzhou
6%
7.70 m Shantou
5%
Aucun quiz correspondant
Distribution des résultats
% des personnes avec chaque résultat
Percentile par nombre de réponses
Votre historique - résultats
Vous n’avez pas pris ce quiz